| Tag |
First Indicator |
Second Indicator |
Subfields |
| LEADER |
00000cam a2200000 4500 |
| 001 |
in00000054622 |
| 005 |
20151008052053.0 |
| 008 |
711122s1954 enk b 00000 eng u |
| 010 |
|
|
|a 54008627
|
| 035 |
|
|
|a (OCoLC)00173741
|
| 035 |
|
|
|9 AAH1529AM
|
| 040 |
|
|
|c WSU
|d TXA
|d UtOrBLW
|
| 049 |
|
|
|a TXAM
|c [246980]
|
| 050 |
|
0 |
|a HC107.G4
|b H4
|
| 092 |
|
|
|a 338.9758
|b H438c
|
| 100 |
1 |
|
|a Heath, Milton Sydney.
|
| 245 |
1 |
0 |
|a Constructive liberalism ;
|b the role of the State in economic development in Georgia to 1860.
|
| 264 |
|
1 |
|a Cambridge :
|b Harvard University Press,
|c 1954.
|
| 300 |
|
|
|a xiv, 448 pages :
|b maps, diagrams, tables. ;
|c 25 cm.
|
| 336 |
|
|
|a text
|b txt
|2 rdacontent
|
| 337 |
|
|
|a unmediated
|b n
|2 rdamedia
|
| 338 |
|
|
|a volume
|b nc
|2 rdacarrier
|
| 490 |
1 |
|
|a Studies in economic history
|
| 504 |
|
|
|a "Notes and bibliography": pages [399]-442.
|
| 650 |
|
0 |
|a Industrial policy
|z Georgia.
|
| 651 |
|
0 |
|a Georgia
|x Economic conditions.
|
| 830 |
|
0 |
|a Studies in economic history.
|
| 999 |
|
|
|a MARS
|
| 999 |
f |
f |
|s b0deb88a-43c5-3036-b63a-4a99747c0112
|i 331f4ec2-60c1-37c9-bc08-4ad9e8f6c145
|t 0
|
| 952 |
f |
f |
|p ric
|a Texas A&M University
|b Rellis Campus
|c Joint Library Facility
|d Remote Storage
|t 0
|e HC107.G4 H4
|h Library of Congress classification
|i unmediated -- volume
|m A14800776250
|
| 998 |
f |
f |
|a HC107.G4 H4
|t 0
|l Remote Storage
|